Educational uses of the computer : an introduction /

Bibliographic Details
Main Author: Johnson, M. Clemens, 1921-2012
Format: Book
Language:English
Published: Chicago : Rand McNally, [1971]
Series:Rand McNally education series.
Subjects:

MARC

Tag First Indicator Second Indicator Subfields
LEADER 00000cam a2200000 4500
001 in00000190913
005 20151009051409.0
008 710528s1971 ilua b 00110 eng
010 |a  71130017  
035 |a (OCoLC)00140754 
035 |9 AAV5503AM 
037 |c $4.50 
040 |a DLC  |c DLC  |d TXA  |d UtOrBLW 
049 |a TXAM  |c [1334650] 
050 0 0 |a LB2846  |b .J614 
082 0 |a 370/.28/5 
100 1 |a Johnson, M. Clemens,  |d 1921-2012. 
245 1 0 |a Educational uses of the computer :  |b an introduction /  |c [by] M. Clemens Johnson. 
264 1 |a Chicago :  |b Rand McNally,  |c [1971] 
300 |a xv, 239 pages :  |b illustrations ;  |c 23 cm. 
336 |a text  |b txt  |2 rdacontent 
337 |a unmediated  |b n  |2 rdamedia 
338 |a volume  |b nc  |2 rdacarrier 
490 1 |a Rand McNally education series 
504 |a Includes bibliographies. 
650 0 |a Education  |x Data processing. 
650 0 |a Computer-assisted instruction. 
830 0 |a Rand McNally education series. 
999 |a MARS 
999 f f |s bb1832ae-da35-38a5-bcc7-aaacb4443b86  |i 468a671d-86d8-3896-9dfb-b0dd2ebd8bbb  |t 0 
952 f f |p ric  |a Texas A&M University  |b Rellis Campus  |c Joint Library Facility  |d Remote Storage  |t 0  |e LB2846 .J614  |h Library of Congress classification  |i unmediated -- volume  |m A14803297899 
998 f f |a LB2846 .J614  |t 0  |l Remote Storage